000 00602nam a2200193Ia 4500
003 GCL
008 140319s9999 xx 000 0 ara d
040 _aGCL /
_cGCL
082 0 4 _a219.3
_bم ف
100 1 _aمحمد سليم العوا
245 1 0 _aفى النظام السياسى للدولة الاسلامية /
_cمحمد سليم العوا
260 _a[S.N] :
_bدار الشروق ،
_c1989
300 _a321 ص
490 _a
650 0 4 _aالاسلام
650 0 4 _aالاسلام والاصلاح السياسى
650 0 4 _aالاسلام والسياسة
942 _2ddc
_cBK
999 _c37204
_d37204